¿Trabajo para los costarricenses? /
El texto trata sobre el tema del Tratado de Libre Comercio con República Dominicana, Centroamérica y Estados Unidos se intenta argumentar que este Libre Comercio tendrá un aumento marginal del empleo y la cantidad de empleo no será suficiente. Habrá una pérdida de empleos directos, de más de cien mi...
में बचाया:
| मुख्य लेखक: | |
|---|---|
| अन्य लेखक: | , |
| स्वरूप: | मूलपाठ |
| विषय: | |
| टैग: |
टैग जोड़ें
कोई टैग नहीं, इस रिकॉर्ड को टैग करने वाले पहले व्यक्ति बनें!
|
MARC
| LEADER | 00000 a a2200000 04500 | ||
|---|---|---|---|
| 001 | 16887 | ||
| 003 | |||
| 040 | |||
| 100 | |a Castro Méndez, Mauricio | ||
| 245 | |a ¿Trabajo para los costarricenses? / |c Mauricio Castro Méndez ; Juliana Martínez Franzoni ; Albino Vargas Barrantes | ||
| 520 | |a El texto trata sobre el tema del Tratado de Libre Comercio con República Dominicana, Centroamérica y Estados Unidos se intenta argumentar que este Libre Comercio tendrá un aumento marginal del empleo y la cantidad de empleo no será suficiente. Habrá una pérdida de empleos directos, de más de cien mil empleos estratégicos del agro, de la industria y de los servicios públicos por último se intenta argumentar por qué la entrada en vigencia de este Tratado llevará a la profundización de la informalización de la economía y una caída de salarios reales | ||
| 650 | |a EMPLEO | ||
| 650 | |a TLC | ||
| 650 | |a ACUERDOS ECONOMICOS | ||
| 650 | |a COSTA RICA | ||
| 650 | |a ESTADOS UNIDOS | ||
| 700 | |a Martínez Franzoni, Juliana | ||
| 700 | |a Vargas Barrantes, Albino | ||
| 773 | |g volumen 15, número 1; páginas 89-127 | ||
| 999 | |c 38965 |d 38965 | ||
